000 006200000a22001810004500
003 MACL
005 20160522154520.0
008 160522b xxu||||| |||| 00| 0 eng d
040 _aMACL
_cMACL
041 _aHindi
082 _a891.433 RAH
100 _aराही, बालस्‍वरूप
_956632
245 _aभारतीय कहानियॉ 1985
_cबालस्‍वरूप राही
260 _bभारतीय ज्ञानपीठ प्रकाशन
_c1988
_aनई दिल्‍ली
350 _a75
650 _aStories
_958889
942 _cHIN
_k891.433/RAH/S
_2ddc
999 _c22895
_d22895